Statistieken voor De Grootste Steden gesticht door Nederland op een Kaart

Klik hier om de quiz te nemen!

Algemene statistieken

  • Deze quiz is 65 keer genomen
  • De gemiddelde score is 9 van 21

Antwoorden op de kaart

Antwoorden kleurgecodeerd door een groen-rode schaal op de quizkaart volgens % correct hieronder.
 

Antwoordstatistieken

Pop.Extra HintStad% Correct
22.4 milNew York City
98%
2.48 milAmsterdam
94%
3.25 milRotterdam-Den Haag
94%
30.6 milJakarta
87%
4.1 milKaapstad
83%
231kGroningen
74%
7.6 milJohannesburg
74%
234kEindhoven
70%
460kBloemfontein
59%
1.7 milPretoria
54%
35kHoofdstad van ArubaOranjestad
41%
100kHoofdstad van New YorkAlbany
24%
1.6 milRecife
24%
16k2de grootste stad in GuyanaNieuw Amsterdam
13%
1.1 milBogor
9%
2.3 milDepok
6%
230kPolokwane
6%
1.88 milTainan
6%
315kJayapura
4%
20k2de grootste stad in SurinameLelydorp
4%
17kGrootste stad in TobagoScarborough
2%

Scoreverdeling

Percentiel versus Aantal Correcte Antwoorden

Procent van Mensen met Elke Score

Uw Scoregeschiedenis

U heeft deze quiz nog niet genomen